000 00763nam a22003017a 4500
001 BR8405120
003 BR-BrBNA
005 20230928092028.0
007 ta
008 230509b bl.||||| |||| 00| 0 por d
040 _aBR-BrBNA
_bpor
_cBiblioteca Nacional de Agricultura
041 _a(Por)
072 _aL01
_b6200
_b6400
090 _ 6200 BR8405120
100 1 _aOliveira, N.C.P.R.
245 1 _aPato e d'Angolas manual pratico
260 3 _aPlanaltina, DF (Brasil):
_c1984.
300 _a69 p.
500 _a16 illus.
650 _aPATO
650 _aGALINHA D'ANGOLA
650 _aCRIACAO
650 _aNUTRICAO ANIMAL
650 _aINSTALACAO AGRICOLA
650 _aDEFESA ANIMAL
909 _a202309
_bLucia
_c55
_dLucia Elande
942 _cBK
999 _c36783
_d36783